Statistics for 20 Most populous Balkan cities

Click here to take the quiz!

General Stats

  • This quiz has been taken 88 times
  • The average score is 11 of 20

Answer Stats

PopAnswer% Correct
1.26millSofia
93%
1.23millBelgrade
91%
688000Zagreb
91%
644000Athens
90%
9millIstanbul
89%
1.88millBucharest
84%
275000Sarajevo
84%
418000Tirana
80%
444000Skopje
76%
279000Ljubljana
71%
277000Novi Sad
68%
335000Varna
49%
341000Plovdiv
43%
324000Cluj
33%
319000Timisoara
30%
283000Constanta
28%
290000Iasi
15%
269000Craiova
7%
325000Thessalonika
5%
253000Corlu
1%

Score Distribution

Percentile by Number Answered

Percent of People with Each Score

Your Score History

You have not taken this quiz